Eli Roth Filmography - Statistics

General Stats
  • This quiz has been taken 14 times
    8 since last reset
  • The average score is 79 of 155
Answer Stats
Type Year Name % Correct
Film Director 2005 Hostel
100%
Film Screenplay 2005 Hostel
100%
Film Story 2005 Hostel
100%
Film Production 2005 Hostel
100%
Film Cameo 2005 Hostel
100%
TV Show Director TBA Hostel
100%
TV Show Writer TBA Hostel
100%
Film Production TBA Hostel
100%
Film Director 2007 Hostel: Part II
100%
Film Screenplay 2007 Hostel: Part II
100%
Film Story 2007 Hostel: Part II
100%
Film Production 2007 Hostel: Part II
100%
Film Director 2013 The Green Inferno
100%
Film Screenplay 2013 The Green Inferno
100%
Film Story 2013 The Green Inferno
100%
Film Production 2013 The Green Inferno
100%
Film Director 2002 Cabin Fever
86%
Film Screenplay 2002 Cabin Fever
86%
Film Story 2002 Cabin Fever
86%
Film Production 2002 Cabin Fever
86%
Film Acting Role 2002 Cabin Fever
86%
Film Screenplay 2016 Cabin Fever
86%
Film Story 2016 Cabin Fever
86%
Film Production 2016 Cabin Fever
86%
Film Cameo 2016 Cabin Fever
86%
Film Acting Role 2007 Death Proof
86%
Film Acting Role 2009 Inglorious Basterds
86%
Film Screenplay 2012 Aftershock
71%
Film Story 2012 Aftershock
71%
Film Production 2012 Aftershock
71%
Film Cameo 2012 Aftershock
71%
Film Director 2024 Borderlands
71%
Film Screenplay 2024 Borderlands
71%
Film Story 2024 Borderlands
71%
Documentary Series Production 2018-2021 Eli Roth's History of Horror
71%
Documentary Series Appearance 2018-2021 Eli Roth's History of Horror
71%
Film Director 2007 Grindhouse
71%
Film Screenplay 2007 Grindhouse
71%
Film Production 2007 Grindhouse
71%
Film Cameo 2007 Grindhouse
71%
Film Director TBA Ice Cream Man
71%
Film Screenplay TBA Ice Cream Man
71%
Film Production TBA Ice Cream Man
71%
Film Director 2015 Knock Knock
71%
Film Screenplay 2015 Knock Knock
71%
Film Production 2015 Knock Knock
71%
Short Film Director 2007 Thanksgiving
71%
Short Film Screenplay 2007 Thanksgiving
71%
Short Film Acting Role 2007 Thanksgiving
71%
Film Director 2023 Thanksgiving
71%
Film Story 2023 Thanksgiving
71%
Film Production 2023 Thanksgiving
71%
Film Cameo 1997 The Lost World: Jurassic Park
71%
Film Production 2005 2001 Maniacs
57%
Film Cameo 2005 2001 Maniacs
57%
Film Production 2017 Baywatch
57%
Film Cameo 2000 Citizen Toxie: The Toxic Avenger IV
57%
Film Production 2014 Clown
57%
Film Acting Role 2014 Clown
57%
Film Director 2018 Death Wish
57%
Film Acting Role 2009 Don't Look Up
57%
Documentary Director 2021 Fin
57%
Documentary Production 2021 Fin
57%
Web Series Creator 2023 Fright Krewe
57%
Web Series Production 2023 Fright Krewe
57%
Film Cameo 2019 Godzilla: King of the Monsters
57%
Film Production 2019 Haunt
57%
TV Show Director 2013 Hemlock Grove
57%
TV Show Production 2013-2015 Hemlock Grove
57%
Film Cameo TBA Night Always Comes
57%
Film Cameo 2010 Piranha 3D
57%
Video Game Acting Role 2021 Poppy Playtime
57%
Short Film Director 1994 Restaurant Dogs
57%
Short Film Screenplay 1994 Restaurant Dogs
57%
Short Film Production 1994 Restaurant Dogs
57%
Short Film Editor 1994 Restaurant Dogs
57%
Film Cameo 2012 Rock of Ages
57%
Film Cameo 2006 Southland Tales
57%
TV Show Director 2015 South of Hell
57%
TV Show Production 2015 South of Hell
57%
Film Cameo 2004 Tales from the Crapper
57%
Film Cameo 1999 Terror Firmer
57%
Music Video Appearance 1999 Thank You, Judge
57%
Film Director 2018 The House with a Clock in Its Walls
57%
Film Cameo 2018 The House with a Clock in Its Walls
57%
TV Show Acting Role 2023 The Idol
57%
Film Production 2010 The Last Exorcism
57%
Film Production 2013 The Last Exorcism Part II
57%
Film Screenplay 2012 The Man with the Iron Fists
57%
Film Production 2012 The Man with the Iron Fists
57%
Film Cameo 2012 The Man with the Iron Fists
57%
Short Film Director 2003 The Rotten Fruit
57%
Short Film Screenplay 2003 The Rotten Fruit
57%
Short Film Production 2003 The Rotten Fruit
57%
Short Film Acting Role 2003 The Rotten Fruit
57%
Film Production 2014 The Stranger
57%
TV Show Production 2022 Urban Legend
57%
TV Show Director 1999 Chowdaheads
43%
TV Show Writer 1999 Chowdaheads
43%
TV Show Production 1999 Chowdaheads
43%
TV Show Editor 1999 Chowdaheads
43%
TV Show Acting Role 1999 Chowdaheads
43%
Film Production 2024 Jimmy and Stiggs
43%
Film Screenplay TBA Lake Mead
43%
Film Production TBA Lake Mead
43%
Film Director TBA Thanksgiving 2
43%
Film Screenplay TBA Thanksgiving 2
43%
Film Production TBA Thanksgiving 2
43%
Film Cameo 2021 Death Rider in the House of Vampires
29%
Short Film Director 2022 Eli Roth's Haunted House: Trick VR Treat
29%
Short Film Director 2009 Inglorious Basterds: Stolz der Nation
29%
Film Cameo 1997 Snapshots from a .500 Season
29%
Web Mini-Series Production 2024 The Faceless Lady
29%
Web Series Production 2015-2016 #15SecondScare
14%
Web Series Production 2015 1 Minute Horror
14%
Short Documentary Production 2004 Cabin Fever: Beneath the Skin
14%
Short Film Production 2015 Chainsaw
14%
Documentary Series Production 2011 Curiosity
14%
Documentary Series Appearance 2011 Curiosity
14%
Film Cameo 2005 Disaster!
14%
Documentary Series Production 2021-2022 Eli Roth Presents: A Ghost Ruined My Life
14%
Documentary Series Production 2022 Eli Roth Presents: My Possessed Pet
14%
Web Series Production 2023 Eli Roth Presents: The Legion of Exorcists
14%
Documentary Series Appearance 2023 Eli Roth Presents: The Legion of Exorcists
14%
Short Film Screenplay 2023 Eli Roth's Be Mine: A VR Valentine's Slasher
14%
Short Film Production 2023 Eli Roth's Be Mine: A VR Valentine's Slasher
14%
Short Film Production 2015 Lab Coats: Life After the Zombie Apocalypse
14%
Music Video Production 2020 Let Down
14%
Film Cameo 2012 Qué pena tu familia
14%
Documentary Series Production 2015-2016 Real Scares
14%
Video Game Production 2014 The Green Inferno Survival
14%
Web Series Production 2021-2023 The Haunted Museum
14%
Web Series Appearance 2023 The Haunted Museum
14%
Film Production 2015 The Man with the Iron Fists 2
14%
Film Cameo 1996 The Mirror Has Two Faces
14%
Film Production 2013 The Sacrament
14%
Short Film Acting Role 2010 The United Monster Talent Agency
14%
Documentary Series Production 2015 This Forgotten Day in Fright
14%
Web Mini-Series Production 2015 Violet
14%
Short Film Acting Role 2015 You're Not My Girlfriend
14%
TV Show Appearance 2020 AEW Dynamite
0%
Web Series Production 2017 Afterlife
0%
Short Film Screenplay 2004 Cabin Fever: Family Friendly Version
0%
TV Show Appearance 2013 Criss Angel: Believe
0%
TV Show Appearance 2012 Cupcake Wars
0%
Web Series Appearance 2020 Earth to Ned
0%
Film Screenplay TBA Endangered Species
0%
Film Production TBA Endangered Species
0%
TV Special Appearance 2015 Fear: Buried Alive
0%
TV Show Appearance 2016 Junketeers
0%
TV Show Appearance 2007 On the Lot
0%
Video Game Acting Role 2022 Poppy Playtime: Chapter 2
0%
TV Show Appearance 2015 Shark After Dark
0%
Documentary Series Appearance 2015 Shark Week
0%
TV Show Appearance 2014 The Soup
0%
No matching quizzes found
Score Distribution
Percent of People with Each Score
Percentile by Number Answered
Your Score History
You have not taken this quiz since the last reset